[Event "FIDE WCC Blitz 2016 Men"]
[Site "Doha"]
[Date "2016.12.30"]
[Round "21"]
[White "Perez Ponsa, Federico"]
[Black "Borisek, Jure"]
[Result "0-1"]
[WhiteElo "2585"]
[BlackElo "2561"]
[PlyCount "90"]
[EventDate "2016.??.??"]
[EventType "blitz"]
[EventCountry "QAT"]
[SourceTitle "playchess.com"]
[Source "ChessBase"]

1. e4 e5 2. Nf3 Nc6 3. Bb5 a6 4. Ba4 Nf6 5. O-O Be7 6. d3 b5 7. Bb3 d6 8. a3
Na5 9. Ba2 c5 10. Re1 Be6 11. Nbd2 O-O 12. Nf1 c4 13. d4 Qc7 14. Ng3 Rfe8 15.
Bd2 Nb7 16. c3 Na5 17. h3 h6 18. Nh4 Bf8 19. Qf3 Kh7 20. Rad1 Rad8 21. Bb1 Ng8
22. Nhf5 Nb3 23. Be3 g6 24. h4 Bc8 25. h5 gxf5 26. exf5 f6 27. Qg4 Qg7 28. Qg6+
Kh8 29. dxe5 dxe5 30. Ne4 Qxg6 31. fxg6 f5 32. Rxd8 Rxd8 33. Bb6 Re8 34. Ng3 e4
35. f3 Bc5+ 36. Bxc5 Nxc5 37. fxe4 fxe4 38. Rf1 Nd3 39. Rf7 Re7 40. Ne2 Be6 41.
Rf8 Kg7 42. Rf1 e3 43. Rf3 Bg4 44. Nd4 Bxf3 45. Nf5+ Kf6 0-1

[Event "FIDE WCC Blitz 2016 Men"]
[Site "Doha"]
[Date "2016.12.30"]
[Round "21"]
[White "Tregubov, Pavel V"]
[Black "Tari, Aryan"]
[Result "0-1"]
[WhiteElo "2585"]
[BlackElo "2584"]
[PlyCount "106"]
[EventDate "2016.??.??"]
[EventType "blitz"]
[EventCountry "QAT"]
[SourceTitle "playchess.com"]
[Source "ChessBase"]

1. d4 Nf6 2. c4 g6 3. Nc3 d5 4. Nf3 Bg7 5. e3 O-O 6. cxd5 Nxd5 7. Bc4 Nxc3 8.
bxc3 c5 9. O-O Nc6 10. Qe2 Qc7 11. Rd1 b6 12. Rb1 Bb7 13. Ba6 Bxa6 14. Qxa6
Rfd8 15. Qe2 Na5 16. e4 cxd4 17. cxd4 e6 18. Bg5 Rd7 19. Rbc1 Qb7 20. h4 Rc8
21. Rxc8+ Qxc8 22. Rc1 Rc7 23. Rxc7 Qxc7 24. d5 exd5 25. exd5 Qd7 26. Qd3 Nb7
27. Bf4 Nc5 28. Qc4 Bf8 29. Ng5 Bd6 30. Bxd6 Qxd6 31. h5 Qe5 32. Nf3 Qxh5 33.
d6 Qf5 34. Qd4 Nd7 35. Qe3 Qe6 36. Qa3 a5 37. g3 Nc5 38. Qe3 Qxd6 39. Qh6 Ne6
40. Qe3 b5 41. Qa7 a4 42. Qa8+ Kg7 43. Qa5 Qd1+ 44. Kg2 Qd5 45. Qc3+ Kg8 46. a3
h5 47. Kg1 Qd1+ 48. Kh2 Qd5 49. Kg1 Qc4 50. Qe3 Qc5 51. Qd3 b4 52. axb4 Qxb4
53. Ne5 Qe1+ 0-1

[Event "FIDE WCC Blitz 2016 Men"]
[Site "Doha"]
[Date "2016.12.30"]
[Round "21"]
[White "Ganguly, Surya Shekhar"]
[Black "Aronian, Levon"]
[Result "0-1"]
[WhiteElo "2668"]
[BlackElo "2785"]
[PlyCount "126"]
[EventDate "2016.??.??"]
[EventType "blitz"]
[EventCountry "QAT"]
[SourceTitle "playchess.com"]
[Source "ChessBase"]

1. e4 e5 2. Nf3 Nc6 3. Bc4 Bc5 4. O-O Nf6 5. d3 O-O 6. h3 d6 7. c3 a6 8. Re1
Ba7 9. Bb3 Ne7 10. Nbd2 Ng6 11. Nf1 Nh5 12. d4 Nhf4 13. Ng3 Nh4 14. Bxf4 exf4
15. Nh5 c5 16. dxc5 Bxc5 17. Nxf4 Kh8 18. Nxh4 Qxh4 19. Qf3 Be6 20. Bd5 Rae8
21. Rad1 Bc8 22. g3 Qh6 23. h4 g5 24. hxg5 Qxg5 25. Qg2 Bg4 26. Rd3 f5 27. e5
dxe5 28. Ne6 Rxe6 29. Bxe6 e4 30. Rd5 Ba7 31. c4 Qe7 32. Bd7 Qb4 33. Rf1 Qxc4
34. Rd6 Qc7 35. Rd5 Rg8 36. Be6 Bf3 37. Rd7 Rxg3 38. Rd8+ Kg7 39. Rg8+ Kf6 40.
Qxg3 Qxg3+ 41. Rxg3 Kxe6 42. Rh3 h5 43. Rc1 Bd4 44. b3 Bg4 45. Rh2 f4 46. Kf1
Kd5 47. Rc7 b5 48. Rh7 Bc3 49. R2xh5+ Bxh5 50. Rxh5+ Kd4 51. Ke2 f3+ 52. Kd1
Kd3 53. Rd5+ Bd4 54. Rd6 a5 55. a4 b4 56. Rd5 Kc3 57. Ke1 e3 58. fxe3 Bxe3 59.
Rxa5 Kxb3 60. Ra8 Ka2 61. Rb8 b3 62. Kd1 f2 63. Ke2 b2 0-1

[Event "FIDE WCC Blitz 2016 Men"]
[Site "Doha"]
[Date "2016.12.30"]
[Round "21"]
[White "Tissir, Mohamed"]
[Black "Halkias, Stelios"]
[Result "0-1"]
[WhiteElo "2376"]
[BlackElo "2585"]
[PlyCount "74"]
[EventDate "2016.??.??"]
[EventType "blitz"]
[EventCountry "QAT"]
[SourceTitle "playchess.com"]
[Source "ChessBase"]

1. e4 e5 2. Nf3 Nc6 3. Bc4 Nf6 4. d3 Be7 5. O-O d6 6. c3 O-O 7. Bb3 Na5 8. Bc2
c5 9. Re1 Nc6 10. Nbd2 Re8 11. Nf1 Bf8 12. Ng3 h6 13. h3 Be6 14. Nh2 Qd7 15.
Qf3 Be7 16. a3 d5 17. Nf5 Bxf5 18. exf5 Kh8 19. Ng4 Qd6 20. Nxf6 Bxf6 21. g4
Rad8 22. Kg2 e4 23. dxe4 d4 24. Ba4 d3 25. Bxc6 Qxc6 26. Bd2 c4 27. h4 Bxh4 28.
Rh1 Qf6 29. Qh3 Bg5 30. f4 Rxe4 31. fxg5 Re2+ 32. Kf1 Qc6 33. gxh6 g6 34. Bg5
Rde8 35. h7 R8e4 36. fxg6 fxg6 37. Bh6 Qf6+ 0-1

[Event "FIDE WCC Blitz 2016 Men"]
[Site "Doha"]
[Date "2016.12.30"]
[Round "21"]
[White "Bosiocic, Marin"]
[Black "Li, Chao b"]
[Result "0-1"]
[WhiteElo "2591"]
[BlackElo "2720"]
[PlyCount "188"]
[EventDate "2016.??.??"]
[EventType "blitz"]
[EventCountry "QAT"]
[SourceTitle "playchess.com"]
[Source "ChessBase"]

1. e4 c5 2. Nf3 d6 3. d4 cxd4 4. Nxd4 Nf6 5. Nc3 Nc6 6. Bc4 Bd7 7. Be3 Ng4 8.
Nxc6 bxc6 9. Qf3 Ne5 10. Qe2 Nxc4 11. Qxc4 e6 12. O-O-O Be7 13. e5 d5 14. Qg4
g6 15. Na4 Qa5 16. Qd4 Rc8 17. Nc5 Qxa2 18. Kd2 Qa5+ 19. b4 Bxc5 20. Qxc5 Qxc5
21. Bxc5 Ra8 22. g4 h5 23. g5 Kd8 24. Ra1 a6 25. Ra3 Kc7 26. Rha1 Kb7 27. h4
Rhd8 28. Kc3 Be8 29. Kd4 Rd7 30. Bd6 Kb6 31. Ra5 Rdd8 32. Bc5+ Kb7 33. Bd6 Kb6
34. c4 Kb7 35. Kc5 Ra7 36. R1a3 Raa8 37. Rc3 Rd7 38. Kd4 Rdd8 39. cxd5 exd5 40.
Be7 Rdc8 41. e6 fxe6 42. Ke5 Rc7 43. Bf6 Bf7 44. Kd4 Be8 45. Re3 Bd7 46. Be5
Rcc8 47. Rf3 Rf8 48. Rf6 Rxf6 49. gxf6 Rg8 50. f4 Be8 51. Kc5 Bf7 52. Kd6 Re8
53. Rc5 Bg8 54. Kd7 Bf7 55. Rxc6 d4 56. Bxd4 e5 57. Bxe5 Rg8 58. Rc7+ Kb6 59.
Kd6 Bb3 60. f7 Rf8 61. Bd4+ Kb5 62. Rb7+ Ka4 63. Rb6 Rxf7 64. Be5 Bc4 65. Kc5
Kb3 66. Rxg6 Rb7 67. f5 Rb5+ 68. Kd4 Rxb4 69. Ke3 Bd5 70. Bd4 a5 71. Rd6 Bc4
72. f6 Rb7 73. Rb6+ Rxb6 74. Bxb6 a4 75. Bc5 Bf7 76. Kd4 a3 77. Ke5 a2 78. Bd4
Kc4 79. Bb2 Kd3 80. Kd6 Ke4 81. Ke7 Bg6 82. Kf8 Kf5 83. Kg7 Be8 84. Kf8 Ba4 85.
Kg7 Be8 86. f7 Bxf7 87. Kxf7 Kg4 88. Ke6 Kxh4 89. Kd5 Kg4 90. Kc4 Kf4 91. Kb3
h4 92. Kxa2 h3 93. Ba3 Ke5 94. Bb2+ Ke4 0-1

[Event "FIDE WCC Blitz 2016 Men"]
[Site "Doha"]
[Date "2016.12.30"]
[Round "21"]
[White "Bok, Benjamin"]
[Black "Dreev, Aleksey"]
[Result "1-0"]
[WhiteElo "2598"]
[BlackElo "2652"]
[PlyCount "299"]
[EventDate "2016.??.??"]
[EventType "blitz"]
[EventCountry "QAT"]
[SourceTitle "playchess.com"]
[Source "ChessBase"]

1. e4 c6 2. d4 d5 3. e5 Bf5 4. Nf3 e6 5. Be2 Nd7 6. O-O Bb4 7. c3 Ba5 8. Nbd2
Bc7 9. Re1 h6 10. Nf1 Ne7 11. Ng3 Bh7 12. Bd3 Bxd3 13. Qxd3 Ng6 14. Nh5 Rg8 15.
b3 c5 16. Ba3 Bb6 17. c4 dxc4 18. Qxc4 cxd4 19. Rad1 Qc7 20. Rxd4 Qxc4 21. Rxc4
Ne7 22. Rec1 Nc6 23. Bd6 g6 24. Ng3 Bd8 25. Ne4 Be7 26. b4 a6 27. a4 Nb6 28.
R4c2 Nxa4 29. Nd4 Bxd6 30. Nxd6+ Kf8 31. Nxc6 bxc6 32. Rxc6 Kg7 33. R1c2 Rab8
34. Rxa6 Rxb4 35. g3 Nb6 36. Ra7 Rf8 37. Rcc7 Nd5 38. Rd7 g5 39. Nxf7 Kg6 40.
Kg2 g4 41. Rd6 Rxf7 42. Rxe6+ Kf5 43. Rxf7+ Kxe6 44. Rh7 Kxe5 45. Rxh6 Rb2 46.
Rh5+ Ke4 47. Kf1 Rb1+ 48. Kg2 Rb2 49. Kf1 Nc3 50. Rg5 Rb1+ 51. Kg2 Nd5 52.
Rxg4+ Ke5 53. h4 Nf6 54. Ra4 Rb2 55. Ra5+ Ke6 56. Ra4 Kf5 57. Rf4+ Kg6 58. Kh3
Nd5 59. Rg4+ Kf6 60. f3 Rb1 61. Re4 Kg6 62. g4 Rh1+ 63. Kg3 Rg1+ 64. Kh2 Rd1
65. Kg2 Nf6 66. Re6 Kf7 67. Ra6 Rc1 68. Kg3 Rh1 69. Ra7+ Kg6 70. Ra6 Kf7 71. g5
Nd5 72. Ra5 Ne7 73. Kg4 Rg1+ 74. Kh5 Rf1 75. Kg4 Rg1+ 76. Kh5 Rf1 77. Ra3 Nf5
78. Kg4 Ng7 79. Ra7+ Kg6 80. Ra6+ Kh7 81. Rh6+ Kg8 82. h5 Rg1+ 83. Kf4 Rg2 84.
Rg6 Kh7 85. Rh6+ Kg8 86. Rg6 Kh7 87. Rh6+ Kg8 88. Rg6 Kh7 89. Ke4 Re2+ 90. Kd3
Re1 91. f4 Re8 92. Rh6+ Kg8 93. Rg6 Kh7 94. Rh6+ Kg8 95. Rg6 Kh7 96. Kd4 Re1
97. Kd3 Re8 98. Ra6 Re1 99. Ra7 Kg8 100. h6 Nf5 101. Ra5 Nxh6 102. gxh6 Kh7
103. Ra6 Re8 104. Kd4 Re1 105. Kd5 Re8 106. Re6 Ra8 107. Ke5 Ra5+ 108. Ke4 Ra4+
109. Kf5 Ra5+ 110. Kg4 Ra1 111. Kg5 Rg1+ 112. Kf5 Ra1 113. Rd6 Ra5+ 114. Kg4
Ra1 115. f5 Ra2 116. Kg5 Rg2+ 117. Kf4 Rf2+ 118. Kg4 Rg2+ 119. Kf4 Rf2+ 120.
Kg5 Rg2+ 121. Kf6 Ra2 122. Rd1 Ra6+ 123. Kf7 Kxh6 124. f6 Ra7+ 125. Ke6 Ra6+
126. Ke7 Ra7+ 127. Rd7 Ra8 128. Kf7 Kh7 129. Re7 Kh6 130. Re8 Ra7+ 131. Re7 Ra8
132. Rd7 Rb8 133. Ra7 Kh7 134. Re7 Kh6 135. Ra7 Kh7 136. Rd7 Ra8 137. Re7 Kh6
138. Rd7 Kh7 139. Re7 Kh6 140. Re8 Ra7+ 141. Ke6 Ra6+ 142. Kf5 Ra5+ 143. Re5
Ra7 144. Re7 Ra5+ 145. Ke6 Ra6+ 146. Kf7 Kh7 147. Kf8+ Kg6 148. f7 Ra8+ 149.
Re8 Ra6 150. Kg8 1-0

[Event "FIDE WCC Blitz 2016 Men"]
[Site "Doha"]
[Date "2016.12.30"]
[Round "21"]
[White "Melkumyan, Hrant"]
[Black "Nguyen, Ngoc Truong Son"]
[Result "1/2-1/2"]
[WhiteElo "2633"]
[BlackElo "2629"]
[PlyCount "225"]
[EventDate "2016.??.??"]
[EventType "blitz"]
[EventCountry "QAT"]
[SourceTitle "playchess.com"]
[Source "ChessBase"]

1. d4 Nf6 2. c4 e6 3. Nf3 d5 4. Nc3 Bb4 5. Bg5 h6 6. Bxf6 Qxf6 7. e3 O-O 8. Rc1
dxc4 9. Bxc4 c5 10. dxc5 Bxc5 11. Qc2 Bb4 12. O-O Nd7 13. Ne4 Qe7 14. a3 Ba5
15. Rfd1 Rd8 16. Ba2 Nf6 17. Bb1 g6 18. Ne5 Kg7 19. Rxd8 Bxd8 20. Nc5 b6 21.
Nc6 Qxc5 22. Qxc5 bxc5 23. Nxd8 Rb8 24. Nc6 Rxb2 25. h3 Bb7 26. Na5 Bd5 27. Bd3
Ra2 28. Rc3 g5 29. f3 e5 30. e4 Be6 31. Bc4 Bxc4 32. Nxc4 Nh5 33. Ne3 Nf4 34.
Rxc5 Rxa3 35. Nf5+ Kf6 36. Rc6+ Ne6 37. Nxh6 Ke7 38. Ng4 Ra5 39. Ne3 Kd7 40.
Rc1 Rc5 41. Rd1+ Kc7 42. Nd5+ Kb7 43. Rb1+ Kc8 44. Ne7+ Kd7 45. Nd5 a5 46. Rb7+
Nc7 47. Ra7 Kd6 48. Nxc7 Rxc7 49. Rxa5 Rc6 50. Kh2 Ke6 51. Kg3 Rc2 52. Ra6+ Ke7
53. Rh6 f6 54. Rh7+ Ke6 55. h4 gxh4+ 56. Kh3 Ra2 57. Rxh4 Kf7 58. Rh8 Kg7 59.
Rb8 Rc2 60. g3 Rc3 61. Kg4 Kf7 62. Rb7+ Kg6 63. Rb6 Kf7 64. Ra6 Re3 65. Rd6 Kg6
66. Rd1 Kf7 67. Rh1 Kg6 68. Rf1 Re2 69. Rd1 Re3 70. Rd8 Kf7 71. Ra8 Kg6 72. Ra4
Re2 73. f4 exf4 74. Kxf4 Rf2+ 75. Ke3 Rg2 76. Kf3 Rg1 77. Ra6 Kg5 78. Ra8 Kg6
79. Kg4 Re1 80. Kf4 Rf1+ 81. Ke3 Re1+ 82. Kf3 Rf1+ 83. Ke2 Rb1 84. Ra6 Kg5 85.
Ra5+ Kg6 86. Kf3 Rf1+ 87. Ke2 Rb1 88. Rd5 Rb2+ 89. Kf3 Rb1 90. Rd8 Rf1+ 91. Kg4
Re1 92. Kf3 Rf1+ 93. Ke2 Ra1 94. g4 Ra3 95. Kf2 Kg5 96. Rd5+ Kg6 97. Rf5 Rb3
98. Rf3 Rb4 99. Ke3 Rb1 100. Kf4 Re1 101. Rf2 Ra1 102. Rb2 Rf1+ 103. Ke3 Re1+
104. Kf3 Rf1+ 105. Kg3 Re1 106. Rb4 Kg5 107. Rb5+ Kg6 108. Kf3 Rf1+ 109. Kg2
Rf4 110. Kg3 Rxe4 111. Rf5 Ra4 112. Rf4 Rxf4 113. Kxf4 1/2-1/2